000 00356nam a2200157Ia 4500
008 230917s9999||||xx |||||||||||||| ||und||
020 _cRS11
040 _e1217
_aMAIN
041 _aEnglish
082 _a595.7 M314I
100 _aMani, M S
245 0 _aInsects
260 _aNew Delhi
_bNational Book Trust
_c1971
300 _av, 133 p.
942 _cBK
999 _c37907
_d37907